000 00522 a2200169 4500
020 _a158053323x
040 _aDLC
_bDLC
082 _a623.73
100 1 _aFrater, R Michael.
245 1 0 _aTactical communications for the digitized battlefield
_cMichael R. Frater & Michael J. Ryan,
260 _aBoston, Mass :
_bArtech House,
_cc2002.
300 _a373 p. :
_bill.
650 0 _aCommunications, Military.
650 0 _aElectronics in military engineering.
700 1 _a Michael J. Ryan,
942 _cBK
_k623.73 FRA
_2ddc
999 _c8644
_d8644